| 000 | 00441nam a2200157 i 4500 | ||
|---|---|---|---|
| 001 | 34953 | ||
| 003 | ES-MaACL | ||
| 005 | 20230906155027.0 | ||
| 007 | t| | ||
| 008 | 030211s1907 po ||||1| por d | ||
| 100 | 1 |
_aAlmeida Botelho, Abel Acácio de. _920118 |
|
| 245 | 1 | 0 |
_aPathologia social _b: fatal dilema / _cAbel Botelho. |
| 260 |
_aPorto : _b[s.n., _c1907] ( _fImp. Moderna) |
||
| 300 |
_a500 p. ; _c18 cm. |
||
| 852 |
_aES-MaACL _jD-855 |
||
| 999 |
_c34953 _d34953 |
||